| 000 | 01148cam a2200337 i 4500 | ||
|---|---|---|---|
| 001 | 24841 | ||
| 003 | Mx-PuUPA | ||
| 005 | 20250422131911.0 | ||
| 008 | 140415s2018 nyu gr 000 0 eng d | ||
| 020 | _a9780399590504 | ||
| 040 |
_cMx-PuUPA _aMx-PuUPA _bspa _dMx-PuUPA _erda |
||
| 041 | 0 | _aeng | |
| 043 | _an-us--- | ||
| 100 | 1 |
_aWestover, Tara, _eautor _916901 |
|
| 245 | 1 | 0 |
_aEducated : _ba memoir / _cTara Westover |
| 264 | 1 |
_aNew York : _bRandom House, _c[2018?] |
|
| 300 |
_axiii, 334 páginas ; _c25 cm |
||
| 336 |
_2rdacontent _atexto _btxt |
||
| 337 |
_2rdamedia _asin medio _bn |
||
| 338 |
_2rdacarrier _avolumen _bnc |
||
| 600 | 1 | 4 |
_aWestover, Tara _xFamilia |
| 650 | 7 |
_2armarc _aCristianismo _vBiografía |
|
| 650 | 7 |
_2armarc _aMujeres _zIdaho _vBiografía |
|
| 650 | 7 |
_2armarc _aSupervicencia _zIdaho _vBiografía |
|
| 650 | 7 |
_2armarc _aEducación en casa _zIdaho _xAnécdotas |
|
| 650 | 7 |
_2armarc _aEstudiantes universitarias _zEstados Unidos _vBiografía |
|
| 650 | 7 |
_2armarc _aVíctimas de violencia familiar _zIdaho _vBiografía |
|
| 942 |
_2ddc _cLI _h270.092 _iW55 |
||
| 999 |
_c24841 _d24841 |
||